• 首页
  • 本馆介绍
  • 公告通知
  • 最新文献
  • 馆藏检索
  • 电子资源
  • 读者导购
  • 参考咨询
  • 我的图书馆
  • 登录
  • 详细信息显示
  • 放入我的书架
  • 预约/预借图书
  • 作者相关作品
  • 分类相关作品
  • 丛书相关作品
  • 出版社相关作品

书目信息

  • 表格格式
  • 工作单格式
  • 卡片格式
题名:
唐山,共和国的骄傲
    
 
作者: ;唐山劳动日报 编
分册:  
出版信息: 北京   光明日报出版社  1996
页数: 552页
开本: 20cm
丛书名:
单 册:
中图分类: I253 , D632.5 , D632.5
科图分类:
主题词: 报告文学--中国--现代--选集 , 政治--中国 , 抗震救灾--唐山市--1976~1996--史料 , 抗震救灾
电子资源:
ISBN: 7-80091-911-0
000 00798nam0 2200277 450
001 1550027254
005 20150125135422.14
010    @a7-80091-911-0@dCNY28.00
100    @a19970108d1996 em y0chiy0110 ea
101 0  @achi
102    @aCN@b110000
105    @af z 010zy
200 1  @a唐山,共和国的骄傲@9tang shan , gong he guo de jiao ao@f唐山劳动日报编
210    @a北京@c光明日报出版社@d1996
215    @a552页@c彩照@d20cm
300    @a纪念唐山抗震20周年
606 0  @a报告文学@y中国@z现代@x选集
606 0  @a政治@x中国
606 0  @a抗震救灾@y唐山市@z1976~1996@x史料
606 0  @a抗震救灾
690    @aI253@v5
690    @aD632.5@v5
690    @aD632.5@v4
711 02 @a唐山劳动日报@9tang shan lao dong ri bao@4编
801  0 @aCN@bTSSF@c20150125
905    @aZUCC@dD632.5@eJY3
    
    唐山,共和国的骄傲/唐山劳动日报编.-北京:光明日报出版社,1996
    552页:彩照;20cm
    纪念唐山抗震20周年
    
    ISBN 7-80091-911-0:CNY28.00
    
●
相关链接 在E读中查询图书 在五车中查询图书 在当当中查询图书 在豆瓣中查询图书


正题名:唐山,共和国的骄傲     索取号:D632.5/JY3         预约/预借

序号 登录号 条形码 馆藏地/架位号 状态 备注
1 7854310   278543104   学院路分馆/ [索取号:D632.5/JY3] 在馆    
唐山师范学院图书馆 欢迎您!
大连网信软件有限公司© 版权所有